| 000 | 01222nam a22003617a 4500 | ||
|---|---|---|---|
| 001 | 000389 | ||
| 003 | DO-SdBPM | ||
| 005 | 20250704100219.0 | ||
| 007 | ta | ||
| 008 | 160714b1996 sp |||| |||| 00| 0 spa d | ||
| 020 | _a8423643387 | ||
| 040 |
_aDO-SdBPM _bspa _cBPMSU _erda |
||
| 041 | 1 | 7 |
_aspa _h |
| 082 | 4 |
_a823.91 _bB859a 1996 _222 |
|
| 100 | 1 |
_aBrisou-Pellen, Evelyne, _d1947- _4autora |
|
| 240 | 1 | 0 |
_aLa bague aux trois hermines. _lEspañol |
| 245 | 1 | 0 |
_aEl Anillo de los tres armiños / _cE.B.P. ; ilustraciones Pablo Schugurensky ; traductora Anna Gasol. |
| 264 |
_aBarcelona : _bEdebé, _c1996. |
||
| 300 |
_a151 páginas : _bilustración ; _c20 cm. |
||
| 336 |
_atexto _btxt _2rdacontent |
||
| 337 |
_asin mediación _bn _2rdamedia |
||
| 338 |
_avolumen _bnc _2rdacarrier |
||
| 490 | 0 |
_aPeriscopio, _v41 |
|
| 500 | _aTraducción de: La bague aux trois hermines. | ||
| 590 | _aInventariado, 2025/VM | ||
| 650 | 7 | _aNovela juvenil francesa | |
| 650 | 7 |
_aSuspenso _vNovela juvenil |
|
| 650 | 7 |
_aIntriga _vNovela juvenil |
|
| 700 | 1 |
_aSchugurensky, Pablo, _d1954- _eilustración |
|
| 700 | 1 |
_aGasol, Anna, _eilustración |
|
| 910 | _aVMateo V. Control de caldiad. BPMSU | ||
| 942 |
_2ddc _cBK |
||
| 999 |
_c10876 _d10876 |
||